| 000 | 00609nam a2200157 a 4500 | ||
|---|---|---|---|
| 008 | 210412s2010 ||||||||||||||||| || u | ||
| 020 | _a9780737739817 | ||
| 050 | _aK 43 Pol | ||
| 100 | _aYOUNG,MITCHELL | ||
| 245 | 1 | 0 |
_aPolitical Corruption: Issues on Trial _cEdited by Mitchell Young |
| 260 |
_aNew York _bGreenhaven Press _c2010 |
||
| 300 | _a178 pages | ||
| 350 | _a48.30 | ||
| 650 | _aPOLITCAL CORRUPTION--UNITED STATES--JUVENILE LITERATURE | ||
| 995 |
_FCBU-MAIN LIBRARY (Kitwe) _I48.30 _M1 _UAVAILABLE _WApr 19, 2021 _ZMain Library Open Access Collection |
||
| 999 |
_c53885 _d53885 |
||